000
00261nam a22001217a 4500
008
180425b xxu||||| |||| 00| 0 eng d
041
_a
eng
080
_a
72
100
_a
41
101
_a
ARK
245
_a
Vizatimi dhe Arkitektura 1
_c
Kote,R
942
_2
udc
_c
BK
999
_c
45537
_d
45537